10 Biggest U.S. Cities by Population - Statistics

General Stats
  • This quiz has been taken 43 times
  • The average score is 9 of 10
Answer Stats
Answer % Correct
Chicago
97%
Los Angeles
97%
New York City
97%
Dallas
92%
Philadelphia
90%
Phoenix
90%
Houston
87%
San Diego
79%
San Antonio
69%
Jacksonville
64%
No matching quizzes found
Score Distribution
Percent of People with Each Score
Percentile by Number Answered
Your Score History
You have not taken this quiz